The answer ends with a G - Statistics

General Stats
  • This quiz has been taken 45 times
  • The average score is 8 of 15
Answer Stats
Hint Answer % Correct
It sealed the fate of the Titanic Iceberg
97%
Popular breakfast food Egg
85%
Second largest city in Germany Hamburg
82%
Small European country Luxembourg
79%
When something is tedious and dull Boring
69%
Capital of North Korea Pyongyang
69%
Last name of the 29th president of the USA Harding
56%
Small flammable material, such as twigs, used to start a fire Kindling
56%
A young Eider or Mallard Duckling
54%
First name of one of the stars of White Christmas and High Society Bing
51%
Capital of Pennsylvania Harrisburg
51%
Presenter of the BBC quiz Pointless Alexander Armstrong
28%
1998 Japanese Horror film Ring
28%
Ancient division of the English county Yorksghire Riding
26%
1961 film starring Spencer Tracy, Montgomery Clift, Burt Lancaster, Marlene Dietrich & Judy Garland Judgement At Nuremburg
8%
No matching quizzes found
Score Distribution
Percent of People with Each Score
Percentile by Number Answered
Your Score History
You have not taken this quiz